Hľadanie konkurencieschopnosti juh Afriky vkladá nádej do regionálno-globálnej integrácie

Šanca na rozvoj pre južnú Afriku. Protokol SADC (Juhoafrické rozvojové spoločenstvo) o voľnom obchode. Vyhliadky juhoafrického regiónu do 21. storočia. Členské štáty Juhoafrického rozvojového spoločenstva, ich populácia a hrubý domáci produkt. Miera otvorenosti krajín SADC.

Gespeichert in:
Bibliographische Detailangaben
1. Verfasser: Janoška, Juraj
Format: Buch
Sprache:Slowakisch
Schlagworte:
Tags: Tag hinzufügen
Keine Tags, Fügen Sie das erste Tag hinzu!

MARC

LEADER 00000nam a2200000 4500
001 r031655
005 20230824094926.6
041 0 |a slo 
044 |a SK 
245 1 0 |a Hľadanie konkurencieschopnosti  |b juh Afriky vkladá nádej do regionálno-globálnej integrácie  |c Juraj Janoška 
520 |a Šanca na rozvoj pre južnú Afriku. Protokol SADC (Juhoafrické rozvojové spoločenstvo) o voľnom obchode. Vyhliadky juhoafrického regiónu do 21. storočia. Členské štáty Juhoafrického rozvojového spoločenstva, ich populácia a hrubý domáci produkt. Miera otvorenosti krajín SADC. 
610 2 0 |a zaostalosť hospodárska 
610 2 0 |a pokrok hospodársky 
610 2 0 |a rozvoj hospodársky 
610 2 0 |a Afrika 
610 2 0 |a obchod voľný 
610 2 0 |a investície priame zahraničné 
610 2 0 |a Juhoafrická republika 
610 2 0 |a produkt domáci hrubý 
610 2 0 |a populácia 
610 2 0 |a SADC 
100 1 |a Janoška, Juraj